00270nam a2200121Ia 4500008004100000100000900041245002700050260002900077300000800106650001000114942000700124999001700131190216s9999||||xx |||||||||||||| ||und|| aNull 0aHindi-Madyakalin Saran bMac Millian And Com. Ltd a322 aHindi cBK c15986d15986